fortnite - every outfit from season 3 - Statistics

General Stats
  • This quiz has been taken 6 times
  • The average score is 3 of 33
Answer Stats
rarity Answer % Correct
legendary the reaper
83%
legendary dark voyager
50%
epic elite agent
33%
legendary leviathan
33%
epic rust lord
33%
epic moonwalker
17%
legendary rex
17%
epic rogue agent
17%
legendary rose team leader
17%
legendary warpaint
17%
legendary battle hound
0%
rare brilliant striker
0%
epic brite gunner
0%
epic bunny brawler
0%
epic burnout
0%
rare cipher
0%
uncommon crimson scout
0%
legendary dark vanguard
0%
legendary havoc
0%
epic hightland warrior
0%
rare midnight ops
0%
epic mission specialist
0%
legendary power chord
0%
epic rabbit raider
0%
rare radiant striker
0%
legendary raven
0%
uncommon scarlet defender
0%
uncommon sgt. green clover
0%
epic steelsight
0%
epic sub commander
0%
epic tomatohead
0%
legendary tricera ops
0%
uncommon whiplash
0%
No matching quizzes found
Score Distribution
Percent of People with Each Score
Percentile by Number Answered
Your Score History
You have not taken this quiz